Statistics for 50 Deadliest Battles in History on a Map

Click here to take the quiz!

General Stats

  • This quiz has been taken 112 times
  • The average score is 18 of 50

Answers on the Map

Answers color-coded by a green-red scale on the quiz's map according to % correct below.
 

Answer Stats

YearConflictCasualtiesBattle% Correct
1942-1943World War II2.5 Million
Battle of Stalingrad
98%
1941-1944World War II5.5 MillionSiege of Leningrad
92%
1945World War II1.3 MillionBattle of Berlin
91%
1871Franco-Prussian War332,142Siege of Paris
85%
1258Mongol invasions and conquests2 MillionSiege of Baghdad
79%
1941World War II761,783Battle of Kyiv
75%
87–86 BCFirst Mithridatic War400,000Siege of Athens and Piraeus
73%
717–718Arab-Byzantine Wars170,000Siege of Constantinople
73%
1944World War II200,000+Warsaw Uprising
73%
1945World War II240,000Battle of Okinawa
65%
1937World War II398,800Battle of Shanghai
64%
1944–1945World War II422,000Siege of Budapest
63%
1099First Crusade90,000Siege of Jerusalem
63%
1864Taiping Rebellion100,000Third Battle of Nanking
61%
1945World War II500,000Battle of Manila
59%
1941World War II133,813Siege of Odessa
57%
1944-1945World War II218,900Battle of the Bulge
48%
1854–1855Crimean War218,900First Siege of Sevastopol
47%
1941–1942World War II236,437Second Siege of Sevastopol
47%
1940World War II88,000Battle of Dunkirk
44%
1614-1615Edo Period500,000Siege of Osaka
40%
1521Spanish conquest of Aztec Empire240,000Siege of Tenochtitlan
36%
2016-2017War in Iraq (2013–2017)71,355Battle of Mosul
31%
1987Iran–Iraq War85,000Siege of Basra
31%
1904-1905Russo-Japanese War100,000Siege of Port Arthur
30%
2022Russo-Ukrainian War85,200Siege of Mariupol
29%
1097-1099First Crusade74,000Siege of Antioch
26%
1912–1913First Balkan War93,282Siege of Adrianople
23%
2022-Russo-Ukrainian War160,000+Battle of Bakhmut
18%
1939World War II80,000+First Battle of Changsha
18%
1942World War II84,862Third Battle of Changsha
18%
52 BCGallic Wars200,000Siege of Alesia
16%
1942World War II662,847First Battle of Voronezh
15%
1948Chinese Civil War425,000Siege of Changchun
13%
1808-1809Peninsular War64,000Second Siege of Zaragoza
12%
1099-1102First Crusade90,000Siege of Tripoli
12%
1601–1604Eighty Years' War115,000Siege of Ostend
11%
1864–1865American Civil War70,000Siege of Petersburg
11%
1939World War II75,328Battle of Nanchang
10%
1937World War II130,000Battle of Taiyuan
9%
1648–1669Cretan War149,739Siege of Candia
8%
1221Mongol conquest of the Khwarazmian Empire1.2 MillionSiege of Gurganj
8%
1943World War II100,000Battle of Changde
7%
1914World War I253,000Siege of Przemyśl
7%
1941World War II120,000+Battle of South Shanxi
6%
1943World War II115,830Battle of West Hubei
6%
1937World War II200,000Battle of Xinkou
6%
1700Hill States-Sikh Wars150,000+First Siege of Anandpur
6%
1877Russo-Turkish War (1877–1878)75,000Siege of Plevna
6%
1076Lý-Song War140,000Siege of Yongzhou
6%

Score Distribution

Percentile by Number Answered

Percent of People with Each Score

Your Score History

You have not taken this quiz